| 000 | 00963nam a2200265Ia 4500 | ||
|---|---|---|---|
| 999 |
_c44317 _d44317 |
||
| 001 | 11075 | ||
| 003 | GE_BSU | ||
| 005 | 20221117103532.0 | ||
| 008 | 181216s||||||||xx |||||||||||||| ||und|| | ||
| 020 | _a9781606230350(pbk)x | ||
| 040 | _cGE_BSU | ||
| 041 | _aeng | ||
| 080 | _a372 M 65 | ||
| 100 |
_aMCKENNA,MICHAEL.C; _915867 |
||
| 245 |
_aASSESSMENT for READING INSTRUCTION / _cMICHAEL.C; MCKENNA, A. KATHERINE, A.DOUGHERTY STAHL |
||
| 250 | _aSECOND EDITION. | ||
| 264 |
_aNew York : _bTHE GUILFORD PRESS, _c2009. |
||
| 300 |
_a290 p .: _bill; _c26cm. |
||
| 653 | _aASSESSMENT for READING INSTRUCTION. | ||
| 653 | _aშეფასება კითხვის ინსტრუქციისთვის. | ||
| 653 | _a შემოსულია ტემპუსის პროექტითტემპუსის პროექტით | ||
| 700 |
_aKATHERINE, A. _915868 |
||
| 700 |
_aDOUGHERTY, STAHL. _915869 |
||
| 942 |
_cBK _2udc |
||